[Event "First Saturday 2011 june IM"]
[Site "Budapest"]
[Date "2011.06.08"]
[Round "5"]
[White "Foo, Benjamin"]
[Black "Vas, Peter"]
[Result "1/2-1/2"]
[WhiteElo "2195"]
[BlackElo "2297"]
[PlyCount "144"]
[EventDate "2011.06.04"]

1. e4 e5 2. Nf3 Nc6 3. Bc4 Bc5 4. b4 Bb6 5. a4 a6 6. Nc3 Nf6 7. Nd5 Nxd5 8.
exd5 Nd4 9. a5 Ba7 10. Nxd4 Bxd4 11. c3 Bxf2+ 12. Kxf2 Qh4+ 13. g3 Qxc4 14. Qf3
O-O 15. Re1 d6 16. Ra3 Bg4 17. d3 Bxf3 18. dxc4 Bh5 19. c5 f5 20. c4 f4 21.
gxf4 exf4 22. Re7 Rae8 23. Rxe8 Bxe8 24. Ra2 g5 25. Re2 Bd7 26. cxd6 cxd6 27.
c5 dxc5 28. bxc5 Rf5 29. Rd2 h5 30. Rd4 h4 31. h3 Re5 32. Rd3 Bf5 33. Bb2 Bxd3
34. Bxe5 Kf7 35. d6 Bf5 36. Kg2 Bd7 37. Bd4 Kg6 38. Bc3 g4 39. hxg4 Kg5 40. Bd4
Kxg4 41. Bg1 Bc6+ 42. Kf2 Kf5 43. Bh2 Ke4 44. Ke2 f3+ 45. Kf2 Bd7 46. Bg1 Be6
47. Bh2 Bg4 48. Bg1 Kd4 49. d7 Bxd7 50. Kxf3+ Kc4 51. Bh2 Kxc5 52. Bg1+ Kb5 53.
Bb6 Kb4 54. Kg2 Kc3 55. Kh2 Kd3 56. Kg2 Ke2 57. Kh2 Kf3 58. Bd8 Kg4 59. Bb6 Bc6
60. Bc5 b5 61. axb6 a5 62. Be7 a4 63. Bb4 Bb7 64. Ba3 Bc8 65. Bb4 Kf4 66. Ba3
Ke5 67. b7 Bxb7 68. Kh3 Kd4 69. Kxh4 Kc3 70. Bf8 Kb3 71. Kg3 a3 72. Bxa3 Kxa3
1/2-1/2

[Event "First Saturday 2011 june IM"]
[Site "Budapest"]
[Date "2011.06.08"]
[Round "5"]
[White "Lengyel, Bela"]
[Black "Lyell, Mark"]
[Result "1-0"]
[WhiteElo "2296"]
[BlackElo "2171"]
[PlyCount "99"]
[EventDate "2011.06.04"]

1. e4 e5 2. Nf3 Nc6 3. Bc4 Nf6 4. d3 Bc5 5. Nc3 d6 6. Bg5 h6 7. Bxf6 Qxf6 8.
Nd5 Qd8 9. c3 a6 10. O-O O-O 11. a4 Ba7 12. h3 Ne7 13. d4 Nxd5 14. Bxd5 c6 15.
Bb3 Qf6 16. dxe5 dxe5 17. Qe2 g5 18. Nh2 Kg7 19. Rad1 Qf4 20. Qf3 Qxf3 21. Nxf3
f6 22. g4 h5 23. Nh2 hxg4 24. hxg4 Rh8 25. Kg2 Rb8 26. Rd2 Bb6 27. Rh1 Kg6 28.
f3 Be3 29. Rd3 Bf4 30. Nf1 Rxh1 31. Kxh1 b5 32. Rd8 Ra8 33. a5 Bb7 34. Rd7 Rh8+
35. Kg2 Rh7 36. Rd8 c5 37. Be6 Re7 38. Bf5+ Kg7 39. Ng3 Bxg3 40. Kxg3 Rc7 41.
Be6 Re7 42. Bd5 Bxd5 43. exd5 Kf7 44. Rd6 Ra7 45. Kf2 c4 46. Ke3 Kg6 47. Rb6
Rh7 48. Rxa6 Rh2 49. Ra8 Kf7 50. a6 1-0

[Event "First Saturday 2011 june IM"]
[Site "Budapest"]
[Date "2011.06.09"]
[Round "6"]
[White "Kislik, Erik Andrew"]
[Black "Lyell, Mark"]
[Result "1-0"]
[WhiteElo "2347"]
[BlackElo "2171"]
[PlyCount "123"]
[EventDate "2011.06.04"]

1. Nf3 f5 2. d4 Nf6 3. g3 b6 4. Bg2 Bb7 5. c4 g6 6. O-O Bg7 7. Nc3 Ne4 8. Nxe4
Bxe4 9. Bd2 O-O 10. Bc3 e6 11. Rc1 Qe8 12. b4 Nc6 13. Qd2 Nd8 14. Rfd1 Nf7 15.
Ne5 Bxg2 16. Kxg2 Bh6 17. e3 Ng5 18. Qc2 d6 19. Nf3 Ne4 20. Bb2 g5 21. h4 g4
22. Ne1 Rd8 23. b5 Rd7 24. Kg1 Bg7 25. Nd3 Bf6 26. Nb4 Rg7 27. Kg2 Qh5 28. Rh1
Qe8 29. a4 Bd8 30. Ra1 Be7 31. a5 d5 32. Nc6 dxc4 33. Qxc4 Bd6 34. d5 e5 35. a6
Qg6 36. Nxe5 Bxe5 37. Bxe5 Nd6 38. Qd3 Re7 39. Bf4 Qe8 40. Bxd6 cxd6 41. Rac1
Rd7 42. Rc4 Qe5 43. Rhc1 Kg7 44. Rf4 h5 45. Rcc4 Rff7 46. Qd2 Rc7 47. Qd3 Rc5
48. Rcd4 Kg6 49. e4 fxe4 50. Rfxe4 Qf5 51. Re6+ Kg7 52. Qxf5 Rxf5 53. Rxd6 Rxb5
54. Rd7+ Rf7 55. Rb7 Rc5 56. d6 Rc8 57. d7 Rd8 58. Rxa7 Kf6 59. Rb7 Ke5 60. Rd2
Rf6 61. a7 Rff8 62. Rb8 1-0

[Event "First Saturday 2011 june IM"]
[Site "Budapest"]
[Date "2011.06.09"]
[Round "6"]
[White "Vas, Peter"]
[Black "Lengyel, Bela"]
[Result "1/2-1/2"]
[WhiteElo "2297"]
[BlackElo "2296"]
[PlyCount "68"]
[EventDate "2011.06.04"]

1. e4 e5 2. Nf3 Nc6 3. d4 exd4 4. Nxd4 Bc5 5. Be3 Qf6 6. c3 Nge7 7. Bc4 Ne5 8.
Be2 d6 9. O-O Qg6 10. Bh5 Qxe4 11. Nd2 Qh4 12. Nb5 O-O 13. Bxc5 dxc5 14. Nxc7
Rb8 15. g3 Qf6 16. f4 Qc6 17. fxe5 Qxc7 18. Nc4 Be6 19. Nd6 c4 20. Rf2 Qc5 21.
Qd4 Qxd4 22. cxd4 b5 23. Raf1 g6 24. Bf3 Nd5 25. Ne4 b4 26. Nc5 Rbd8 27. Nb7
Rb8 28. Nc5 Rbd8 29. Nxe6 fxe6 30. Bxd5 exd5 31. Rf6 Rxf6 32. Rxf6 Rc8 33. Rf2
Rf8 34. Rxf8+ Kxf8 1/2-1/2

[Event "First Saturday 2011 june IM"]
[Site "Budapest"]
[Date "2011.06.09"]
[Round "6"]
[White "Omarsson, Dadi"]
[Black "Foo, Benjamin"]
[Result "1-0"]
[WhiteElo "2225"]
[BlackElo "2195"]
[PlyCount "129"]
[EventDate "2011.06.04"]

1. e4 e5 2. Nf3 Nc6 3. Bc4 Nf6 4. d3 Bc5 5. c3 d6 6. Bb3 Bb6 7. h3 Ne7 8. Nbd2
Ng6 9. Nf1 h6 10. Ng3 Be6 11. Bc2 d5 12. exd5 Nxd5 13. O-O Qd7 14. Re1 O-O-O
15. Nxe5 Nxe5 16. Rxe5 f5 17. d4 g6 18. Qe2 Rde8 19. Bd2 c6 20. Re1 Bf7 21. Qf3
Rxe5 22. Rxe5 Kb8 23. Re1 Bc7 24. Ne2 Nb6 25. Bf4 Re8 26. b3 h5 27. c4 Qe7 28.
Bxc7+ Kxc7 29. Qg3+ Kc8 30. h4 Qa3 31. Bb1 Qb2 32. Qd3 Nd7 33. Kf1 Nf6 34. f3
Kb8 35. Qc2 Qa3 36. Qd2 Qd6 37. Kf2 c5 38. d5 Nd7 39. g3 Kc8 40. Nf4 Rxe1 41.
Qxe1 Qf6 42. Nd3 g5 43. hxg5 Qxg5 44. Qc1 Qf6 45. Qb2 Qh6 46. Nf4 Bg6 47. Nxg6
Qxg6 48. Qc2 h4 49. gxh4 Qh5 50. Qxf5 Qxh4+ 51. Kg2 Kc7 52. f4 Qe1 53. Qd3 Qh4
54. Qg3 Qh8 55. Be4 Qb2+ 56. Qf2 Qg7+ 57. Kh2 Qh8+ 58. Kg2 Qg7+ 59. Kf3 Qc3+
60. Qe3 Qa1 61. a4 Kb6 62. Bf5 Nf8 63. b4 Qf1+ 64. Kg3 Qxc4 65. a5+ 1-0

[Event "First Saturday 2011 june IM"]
[Site "Budapest"]
[Date "2011.06.09"]
[Round "6"]
[White "Battey, Alexander"]
[Black "Szalanczy, Emil"]
[Result "0-1"]
[WhiteElo "2269"]
[BlackElo "2276"]
[PlyCount "108"]
[EventDate "2011.06.04"]

1. d4 c5 2. d5 e6 3. Nc3 d6 4. e4 Nf6 5. Bb5+ Bd7 6. a4 exd5 7. Nxd5 Nc6 8. Nf3
a6 9. Bc4 Bg4 10. h3 Bh5 11. O-O Be7 12. Bf4 O-O 13. Nxe7+ Qxe7 14. Bxd6 Qxe4
15. Bd3 Qb4 16. Bxf8 Rxf8 17. Qd2 Qb6 18. a5 Qc7 19. Nh2 Rd8 20. Qg5 Nd4 21.
Bc4 Nxc2 22. Rac1 Nd4 23. Rfe1 h6 24. Qg3 Qxa5 25. Ng4 Bxg4 26. hxg4 b5 27. Bf1
Qd2 28. Red1 Qxb2 29. Rb1 Qa2 30. Qc7 Qd5 31. Rbc1 c4 32. Re1 Qd6 33. Re7 Qxc7
34. Rxc7 Nxg4 35. Bxc4 bxc4 36. R1xc4 Rd6 37. Ra7 h5 38. Rc8+ Kh7 39. Rxf7 a5
40. f3 Ne5 41. Ra7 Nec6 42. Ra6 h4 43. Re8 Nf5 44. Re1 Rf6 45. Re4 Kg6 46. Rg4+
Kf7 47. Rf4 g6 48. Kh2 Ke7 49. Re4+ Kd7 50. Kh3 Kc7 51. Rc4 Kb7 52. Rcxc6 Rxc6
53. Rxa5 Kc7 54. Re5 Kd7 0-1

[Event "First Saturday 2011 june IM"]
[Site "Budapest"]
[Date "2011.06.09"]
[Round "6"]
[White "Pirisi, Gabor"]
[Black "Hou, Qiang"]
[Result "1-0"]
[WhiteElo "2243"]
[BlackElo "2284"]
[PlyCount "83"]
[EventDate "2011.06.04"]

1. c4 Nf6 2. g3 g6 3. Bg2 Bg7 4. Nc3 O-O 5. e3 d6 6. Nge2 Nc6 7. d4 e5 8. d5
Ne7 9. O-O Ne8 10. b4 a5 11. bxa5 Rxa5 12. a4 f5 13. f4 e4 14. Ba3 Bd7 15. Bb4
Ra6 16. Qb3 Kh8 17. Ra2 Nf6 18. Nb5 Be8 19. Ned4 Bf7 20. Ne6 Bxe6 21. dxe6 Nc6
22. Bc3 Re8 23. Rd1 Na5 24. Bxa5 Rxa5 25. c5 d5 26. Qb4 Ra6 27. Nd4 Ra7 28. a5
Ng4 29. c6 b6 30. Rda1 Rxa5 31. Rxa5 bxa5 32. Rxa5 Nxe3 33. e7 Rxe7 34. Qa4 Qg8
35. Nb5 Nxg2 36. Ra8 Re8 37. Rxe8 Qxe8 38. Nxc7 Qd8 39. Qa8 Bf6 40. Kxg2 Kg8
41. Qxd8+ Bxd8 42. Nxd5 1-0

[Event "First Saturday 2011 june IM"]
[Site "Budapest"]
[Date "2011.06.09"]
[Round "6"]
[White "Chen, Yang"]
[Black "Farago, Sandor"]
[Result "1/2-1/2"]
[WhiteElo "2080"]
[BlackElo "2281"]
[PlyCount "136"]
[EventDate "2011.06.04"]

1. e4 c5 2. Nf3 e6 3. d4 cxd4 4. Nxd4 a6 5. Bd3 Bc5 6. Nb3 Ba7 7. Qe2 Nc6 8.
O-O d6 9. Be3 Bxe3 10. Qxe3 Qf6 11. N1d2 Nge7 12. Nc4 e5 13. Nb6 Rb8 14. Nd5
Qg6 15. Nc7+ Kf8 16. c4 h5 17. Rfd1 h4 18. Nd5 Rh6 19. Rac1 Bg4 20. Be2 f5 21.
Bxg4 Qxg4 22. h3 Qxe4 23. Qxe4 fxe4 24. Nxe7 Kxe7 25. Re1 Nb4 26. Rxe4 Nxa2 27.
Rd1 b6 28. Nd4 Kf7 29. Nf5 Rf6 30. Nxd6+ Ke6 31. Rd5 Nb4 32. Rexe5+ Kd7 33.
Ne4+ Nxd5 34. Rxd5+ Ke6 35. Nxf6 gxf6 36. Rh5 Rd8 37. Rxh4 Rd1+ 38. Kh2 Rd2 39.
b4 Rxf2 40. c5 bxc5 41. bxc5 Rc2 42. Ra4 Rxc5 43. Rxa6+ Kf5 44. Ra7 Kg5 45.
Rg7+ Kh5 46. Kg3 Ra5 47. Kf4 Rb5 48. Rg8 Rc5 49. g4+ Kh6 50. h4 Kh7 51. Re8 Kg6
52. h5+ Kf7 53. Re4 Rc1 54. Rb4 Rf1+ 55. Ke4 Re1+ 56. Kf3 Rf1+ 57. Kg2 Ra1 58.
Rb7+ Kg8 59. h6 Ra4 60. Rg7+ Kf8 61. Kg3 Ra5 62. Rg6 Kf7 63. Rg7+ Kf8 64. Rb7
Kg8 65. h7+ Kh8 66. Rf7 Rb5 67. Rxf6 Kxh7 68. g5 Rb1 1/2-1/2

[Event "First Saturday 2011 june IM"]
[Site "Budapest"]
[Date "2011.06.10"]
[Round "7"]
[White "Farago, Sandor"]
[Black "Kislik, Erik Andrew"]
[Result "0-1"]
[WhiteElo "2281"]
[BlackElo "2347"]
[PlyCount "112"]
[EventDate "2011.06.04"]

1. d4 Nf6 2. c4 g6 3. Nf3 Bg7 4. g3 d5 5. cxd5 Nxd5 6. Bg2 Nb6 7. Nc3 Nc6 8. e3
O-O 9. O-O Re8 10. Re1 a5 11. d5 Bxc3 12. bxc3 Nxd5 13. Qc2 Nf6 14. e4 e5 15.
Bg5 Qe7 16. Rab1 Qe6 17. h3 b6 18. Bh6 Nd7 19. Ng5 Qe7 20. f4 Nc5 21. Rbd1 Ba6
22. Rd5 Bc4 23. Nf3 f6 24. g4 exf4 25. g5 Bxd5 26. exd5 Ne5 27. Nd4 f3 28. Bf1
fxg5 29. Bb5 Qf7 30. Kf1 Qf4 31. Bxe8 Rxe8 32. Nc6 Qc4+ 33. Kg1 Qxd5 34. Nd4
Qf7 35. Rf1 Qf4 36. Qh2 Qh4 37. Nxf3 Nxf3+ 38. Rxf3 Re1+ 39. Rf1 Rxf1+ 40. Kxf1
Qxh6 41. Qxc7 Qxh3+ 42. Kg1 Qg4+ 43. Kh1 Qd1+ 44. Kg2 Qc2+ 45. Kh1 Qb1+ 46. Kg2
Qxa2+ 47. Kh1 Qd5+ 48. Kg1 Qd1+ 49. Kg2 Qd7 50. Qb8+ Kf7 51. Qh8 Qd2+ 52. Kh1
Qe1+ 53. Kg2 Qe2+ 54. Kh1 Qh5+ 55. Kg1 Ne4 56. Qd4 Qg4+ 0-1

[Event "First Saturday 2011 june IM"]
[Site "Budapest"]
[Date "2011.06.10"]
[Round "7"]
[White "Hou, Qiang"]
[Black "Chen, Yang"]
[Result "1-0"]
[WhiteElo "2284"]
[BlackElo "2080"]
[PlyCount "113"]
[EventDate "2011.06.04"]

1. e4 c5 2. Nf3 Nc6 3. d4 cxd4 4. Nxd4 g6 5. c4 Bg7 6. Be3 Nf6 7. Nc3 O-O 8.
Be2 d6 9. O-O Bd7 10. Rc1 Nxd4 11. Bxd4 Bc6 12. f3 a5 13. Kh1 Nd7 14. Be3 Nc5
15. Qd2 Qb6 16. b3 Qb4 17. Rfd1 Rfe8 18. Nd5 Bxd5 19. cxd5 Rec8 20. Rc2 Qxd2
21. Bxd2 a4 22. b4 Nb3 23. Rxc8+ Rxc8 24. Bg5 Rc2 25. axb3 Rxe2 26. bxa4 Bc3
27. Bxe7 Bxb4 28. Rb1 f5 29. Bh4 Bc5 30. exf5 gxf5 31. a5 Rd2 32. h3 Rxd5 33.
Bd8 Rd4 34. Rxb7 Rd1+ 35. Kh2 f4 36. h4 h5 37. Bb6 Rb1 38. g3 Rb2+ 39. Kh3 fxg3
40. Kxg3 Bxb6 41. Rxb6 Ra2 42. a6 d5 43. Kf4 Kf7 44. Ke5 Ra5 45. Rb7+ Kg6 46.
a7 Kh6 47. f4 d4+ 48. Kxd4 Kg6 49. Kc4 Ra1 50. Kb5 Kf5 51. Kb6 Kxf4 52. Rg7
Rb1+ 53. Kc7 Ra1 54. Kb8 Rb1+ 55. Rb7 Ra1 56. a8=Q Rxa8+ 57. Kxa8 1-0

[Event "First Saturday 2011 june IM"]
[Site "Budapest"]
[Date "2011.06.10"]
[Round "7"]
[White "Szalanczy, Emil"]
[Black "Pirisi, Gabor"]
[Result "1/2-1/2"]
[WhiteElo "2276"]
[BlackElo "2243"]
[PlyCount "100"]
[EventDate "2011.06.04"]

1. e4 c5 2. Nf3 Nc6 3. d4 cxd4 4. Nxd4 g6 5. Nc3 Bg7 6. Be3 Nf6 7. Bc4 O-O 8.
Bb3 a5 9. a4 Ng4 10. Qxg4 Nxd4 11. Qh4 d6 12. Nd5 Re8 13. Rd1 Nxb3 14. cxb3 Be6
15. O-O Bxd5 16. Rxd5 e6 17. Qxd8 Rexd8 18. Rb5 Bxb2 19. Rd1 Rd7 20. g4 f6 21.
Rd3 Ba3 22. Bd2 Bb4 23. Bxb4 axb4 24. Rd4 Rc8 25. Rdxb4 Rcc7 26. h4 Kf7 27. Kg2
d5 28. exd5 exd5 29. Rd4 Ke6 30. Kf3 Rc3+ 31. Ke2 Rdc7 32. g5 fxg5 33. hxg5 Rh3
34. a5 Rcc3 35. Rxb7 Rxb3 36. Rxb3 Rxb3 37. Ra4 Rb7 38. a6 Ra7 39. Kd3 Kf5 40.
f4 Kg4 41. Kd4 Kxf4 42. Kxd5+ Kxg5 43. Kc6 h5 44. Kb6 Ra8 45. Kb7 Rh8 46. a7 h4
47. Rc4 h3 48. Rc8 Rh7+ 49. Rc7 Rh8 50. Rc8 Rh7+ 1/2-1/2

[Event "First Saturday 2011 june IM"]
[Site "Budapest"]
[Date "2011.06.10"]
[Round "7"]
[White "Foo, Benjamin"]
[Black "Battey, Alexander"]
[Result "0-1"]
[WhiteElo "2195"]
[BlackElo "2269"]
[PlyCount "60"]
[EventDate "2011.06.04"]

1. e4 e6 2. Qe2 c5 3. g3 Nc6 4. Nf3 g6 5. Bg2 Bg7 6. c3 Nge7 7. O-O e5 8. d3
O-O 9. Be3 d6 10. Nfd2 Nd4 11. cxd4 cxd4 12. Bxd4 exd4 13. f4 d5 14. e5 Nf5 15.
Re1 Be6 16. Nb3 Qb6 17. N1d2 a5 18. Rac1 Rac8 19. a4 Qb4 20. Bf3 b6 21. g4 Ne3
22. Rxc8 Rxc8 23. Qf2 Rc2 24. Qh4 Rxd2 25. Nxd2 Qxd2 26. f5 Bd7 27. Re2 Qd1+
28. Qe1 Qxe1+ 29. Rxe1 Bxe5 30. Bxd5 gxf5 0-1

[Event "First Saturday 2011 june IM"]
[Site "Budapest"]
[Date "2011.06.10"]
[Round "7"]
[White "Lengyel, Bela"]
[Black "Omarsson, Dadi"]
[Result "0-1"]
[WhiteElo "2296"]
[BlackElo "2225"]
[PlyCount "92"]
[EventDate "2011.06.04"]

1. e4 c5 2. Nf3 e6 3. d4 cxd4 4. Nxd4 Nc6 5. Nb5 d6 6. c4 Nf6 7. N1c3 a6 8. Na3
Be7 9. Be2 b6 10. O-O Bb7 11. Be3 Ne5 12. Qb3 Ned7 13. f3 Qc7 14. Rac1 Nc5 15.
Qc2 O-O 16. Rfd1 Rac8 17. Bf1 Qb8 18. Qf2 Bd8 19. Kh1 Bc7 20. Qg1 Ncd7 21. Nc2
Rfe8 22. Bf2 Kh8 23. Nd4 Rg8 24. h3 g5 25. Nde2 Ba8 26. a4 Rg6 27. Bd4 Ne5 28.
b3 Rcg8 29. Qf2 h5 30. Rc2 g4 31. Nf4 Rg5 32. Bxe5 dxe5 33. Nfe2 gxf3 34. gxf3
Bd6 35. Rcd2 Bc5 36. Qh4 Qf8 37. Rd8 Qg7 38. Rxg8+ Kxg8 39. Rd8+ Kh7 40. Rxa8
Rg1+ 41. Kh2 Rxf1 42. Qg3 Rf2+ 43. Kh1 Qxg3 44. Nxg3 Rxf3 45. Nge2 Rxh3+ 46.
Kg2 Re3 0-1

[Event "First Saturday 2011 june IM"]
[Site "Budapest"]
[Date "2011.06.10"]
[Round "7"]
[White "Lyell, Mark"]
[Black "Vas, Peter"]
[Result "0-1"]
[WhiteElo "2171"]
[BlackElo "2297"]
[PlyCount "62"]
[EventDate "2011.06.04"]

1. e4 e5 2. d4 exd4 3. Qxd4 Nc6 4. Qe3 Nf6 5. Nc3 Bb4 6. Bd2 O-O 7. O-O-O Re8
8. Qg3 Nxe4 9. Nxe4 Rxe4 10. Bxb4 Nxb4 11. a3 Nc6 12. Bd3 Re8 13. Nf3 h6 14. h4
d6 15. Ng5 Ne5 16. Bh7+ Kf8 17. f4 Ng4 18. f5 Nf6 19. Rhf1 Bd7 20. Qb3 Qe7 21.
Rde1 Qxe1+ 22. Rxe1 Rxe1+ 23. Kd2 Re7 24. Nf3 Bc6 25. g4 Rae8 26. Nd4 Nxh7 27.
c3 Nf6 28. Nxc6 Ne4+ 29. Kc2 Nc5 30. Qc4 bxc6 31. f6 Re1 0-1

[Event "First Saturday 2011 june IM"]
[Site "Budapest"]
[Date "2011.06.11"]
[Round "8"]
[White "Kislik, Erik Andrew"]
[Black "Vas, Peter"]
[Result "1/2-1/2"]
[WhiteElo "2347"]
[BlackElo "2297"]
[PlyCount "80"]
[EventDate "2011.06.04"]

1. e4 e5 2. Nf3 Nc6 3. Bb5 a6 4. Ba4 Nf6 5. O-O Be7 6. Re1 b5 7. Bb3 d6 8. c3
O-O 9. h3 Nb8 10. d4 Nbd7 11. Nbd2 Bb7 12. Bc2 Re8 13. a4 Bf8 14. Bd3 c6 15.
Qc2 Qc7 16. Bf1 Reb8 17. Nb3 Nb6 18. a5 Nbd7 19. dxe5 dxe5 20. c4 c5 21. Bg5 b4
22. Bd3 Re8 23. Nfd2 h6 24. Bxf6 Nxf6 25. Nf1 Qc6 26. Nbd2 Nh5 27. Ne3 Nf4 28.
Bf1 Qg6 29. Kh2 Ne6 30. Nd5 Nd4 31. Qd3 Bd6 32. g3 Rf8 33. Bg2 Rae8 34. Rf1 Bc8
35. Rae1 Bd7 36. Re3 Ba4 37. b3 Bd7 38. Nf3 Qh5 39. Nd2 Qg6 40. Nf3 Qh5 1/2-1/2

[Event "First Saturday 2011 june IM"]
[Site "Budapest"]
[Date "2011.06.11"]
[Round "8"]
[White "Omarsson, Dadi"]
[Black "Lyell, Mark"]
[Result "0-1"]
[WhiteElo "2225"]
[BlackElo "2171"]
[PlyCount "174"]
[EventDate "2011.06.04"]

1. e4 e5 2. Nf3 Nc6 3. Bb5 f5 4. Nc3 fxe4 5. Nxe4 Nf6 6. Nxf6+ Qxf6 7. Qe2 Be7
8. Bxc6 bxc6 9. d4 Qg6 10. O-O d6 11. Qc4 d5 12. Qc3 exd4 13. Nxd4 c5 14. Nb5
O-O 15. Nxc7 Rb8 16. Nxd5 Bd6 17. Qd2 Bf5 18. Qg5 Bxc2 19. Qxg6 hxg6 20. Re1 c4
21. Re6 Bc5 22. Be3 Bxe3 23. Nxe3 Bd3 24. Nd1 Rbd8 25. f3 Rfe8 26. Rxe8+ Rxe8
27. Nf2 Re2 28. b3 a5 29. a3 Rb2 30. bxc4 Bxc4 31. Rc1 Bb3 32. Ra1 a4 33. Nd3
Rc2 34. Nb4 Rd2 35. Rf1 Re2 36. Rf2 Re3 37. Rd2 Re1+ 38. Kf2 Ra1 39. Rb2 Rxa3
40. Nc2 Ra2 41. Rxa2 Bxa2 42. Ke3 Kf7 43. Kf4 Ke6 44. Ke3 g5 45. Kd4 Kf5 46. g3
Be6 47. Ne3+ Kf6 48. Nc2 Bb3 49. Na3 Bd1 50. Ke4 Ke6 51. Nb5 Bc2+ 52. Kd4 Bb3
53. h3 Bd1 54. Ke4 Kf6 55. f4 Be2 56. Nc3 a3 57. fxg5+ Kxg5 58. Kd4 Bf1 59. Kc5
Bxh3 60. Kb4 Kg4 61. Kxa3 Kxg3 62. Kb3 Kf3 63. Kc4 g5 64. Kd4 Bc8 65. Ne4 g4
66. Ng5+ Ke2 67. Ne4 Bb7 68. Ng3+ Kf3 69. Nh5 Bc6 70. Ke5 Bd7 71. Nf4 g3 72.
Nd3 Bb5 73. Nf4 Bf1 74. Ng6 Bd3 75. Nh4+ Ke3 76. Ng2+ Kf3 77. Ne1+ Ke3 78. Ng2+
Kf3 79. Ne1+ Kg4 80. Kd4 Bg6 81. Ke3 Bh7 82. Ke2 Kh3 83. Kf1 Kh2 84. Ke2 Kg1
85. Kd2 Be4 86. Ke3 Bd5 87. Kd3 Kf1 0-1

[Event "First Saturday 2011 june IM"]
[Site "Budapest"]
[Date "2011.06.11"]
[Round "8"]
[White "Battey, Alexander"]
[Black "Lengyel, Bela"]
[Result "1/2-1/2"]
[WhiteElo "2269"]
[BlackElo "2296"]
[PlyCount "47"]
[EventDate "2011.06.04"]

1. d4 d5 2. Bf4 Nf6 3. e3 Bf5 4. c4 e6 5. Nc3 c6 6. Qb3 Qc8 7. Rc1 Nbd7 8. cxd5
Nxd5 9. Bg3 Be7 10. Nf3 Nxc3 11. bxc3 O-O 12. Be2 a5 13. Nh4 a4 14. Nxf5 exf5
15. Qc2 Nf6 16. Bf3 Qe6 17. O-O Ne4 18. Bxe4 fxe4 19. Rb1 b5 20. c4 bxc4 21.
Rb7 h5 22. Rc1 h4 23. Be5 Ba3 24. Qxc4 1/2-1/2

[Event "First Saturday 2011 june IM"]
[Site "Budapest"]
[Date "2011.06.11"]
[Round "8"]
[White "Chen, Yang"]
[Black "Szalanczy, Emil"]
[Result "0-1"]
[WhiteElo "2080"]
[BlackElo "2276"]
[PlyCount "80"]
[EventDate "2011.06.04"]

1. e4 c5 2. Nf3 d6 3. Bb5+ Nd7 4. d4 Ngf6 5. O-O a6 6. Bxd7+ Qxd7 7. Re1 cxd4
8. Qxd4 e5 9. Qd3 Qc6 10. c4 Be6 11. b3 b5 12. cxb5 Qxb5 13. Qxb5+ axb5 14. Nc3
Rb8 15. Bg5 b4 16. Bxf6 gxf6 17. Nd5 f5 18. Rad1 Be7 19. exf5 Bxf5 20. Nd4 Bd7
21. Nc2 Bd8 22. f4 f6 23. Ncxb4 O-O 24. Nc2 Bg4 25. Rd3 exf4 26. Nxf4 Bb6+ 27.
Kh1 Bf5 28. Rg3+ Kh8 29. Ne3 Be4 30. Nc4 d5 31. Nxb6 Rxb6 32. h3 Rc6 33. Rd1
Rc2 34. a4 f5 35. Kh2 Rf2 36. Nxd5 f4 37. Rg4 h5 38. Rg5 Rf5 39. Rxf5 Rxg2+ 40.
Kh1 Rd2+ 0-1

[Event "First Saturday 2011 june IM"]
[Site "Budapest"]
[Date "2011.06.11"]
[Round "8"]
[White "Farago, Sandor"]
[Black "Hou, Qiang"]
[Result "0-1"]
[WhiteElo "2281"]
[BlackElo "2284"]
[PlyCount "124"]
[EventDate "2011.06.04"]

1. e4 e5 2. Nf3 Nc6 3. Bb5 a6 4. Ba4 Nf6 5. Qe2 b5 6. Bb3 Be7 7. c3 O-O 8. O-O
d5 9. d3 Bb7 10. Bg5 dxe4 11. dxe4 Nxe4 12. Bxe7 Nxe7 13. Rd1 Qc8 14. Nxe5 Qf5
15. Ng4 Ng6 16. Ne3 Qg5 17. Qg4 Qxg4 18. Nxg4 Rad8 19. Na3 Nc5 20. Bc2 Rfe8 21.
Ne3 Nf4 22. Kf1 Nd5 23. Nxd5 Bxd5 24. f3 Kf8 25. Kf2 h5 26. b3 Bc6 27. b4 Ne6
28. c4 Nf4 29. cxb5 axb5 30. Rxd8 Rxd8 31. Rc1 Ra8 32. Bb1 Be8 33. Rc3 Nd5 34.
Rb3 Ra5 35. Nc2 Bd7 36. a3 Bf5 37. Nd4 Bxb1 38. Rxb1 Rxa3 39. Nxb5 Ra2+ 40. Kg1
Rc2 41. g3 Ke7 42. Re1+ Kd7 43. Rd1 c6 44. Nd4 Rb2 45. b5 cxb5 46. Nf5 Kc6 47.
Nxg7 b4 48. Nxh5 b3 49. Rd3 Kc5 50. Nf4 Nxf4 51. gxf4 Kc4 52. Rd7 Ra2 53. Rxf7
b2 54. Rb7 Ra1+ 55. Kg2 b1=Q 56. Rxb1 Rxb1 57. Kg3 Rg1+ 58. Kh4 Kd5 59. Kh5 Ke6
60. h4 Kf6 61. Kh6 Kf5 62. h5 Rh1 0-1

[Event "First Saturday 2011 june IM"]
[Site "Budapest"]
[Date "2011.06.12"]
[Round "9"]
[White "Hou, Qiang"]
[Black "Kislik, Erik Andrew"]
[Result "1-0"]
[WhiteElo "2284"]
[BlackElo "2347"]
[PlyCount "43"]
[EventDate "2011.06.04"]

1. e4 e5 2. Nf3 Nc6 3. Bc4 Bc5 4. c3 Nf6 5. d4 exd4 6. cxd4 Bb4+ 7. Nc3 Nxe4 8.
O-O Bxc3 9. d5 Na5 10. bxc3 Nxc4 11. Qd4 Ncd6 12. Qxg7 Qf6 13. Qxf6 Nxf6 14.
Re1+ Kf8 15. Bh6+ Kg8 16. Re5 Nfe4 17. Re1 f5 18. Re7 b6 19. Nh4 Bb7 20. Rg7+
Kf8 21. Rxh7+ Kg8 22. Rg7+ 1-0

[Event "First Saturday 2011 june IM"]
[Site "Budapest"]
[Date "2011.06.12"]
[Round "9"]
[White "Foo, Benjamin"]
[Black "Chen, Yang"]
[Result "1/2-1/2"]
[WhiteElo "2195"]
[BlackElo "2080"]
[PlyCount "61"]
[EventDate "2011.06.04"]

1. e4 c5 2. Nf3 d6 3. d4 cxd4 4. Qxd4 Nc6 5. Bb5 Bd7 6. Bxc6 Bxc6 7. Nc3 Nf6 8.
Bg5 e6 9. O-O-O Be7 10. Rhe1 Qa5 11. Kb1 O-O-O 12. Bd2 Qc5 13. Qxc5 dxc5 14.
Ne5 Be8 15. Be3 Nd7 16. Nc4 f6 17. Nd6+ Kb8 18. Bf4 Ne5 19. Nc4 Bh5 20. Nxe5
fxe5 21. Bxe5+ Ka8 22. Bxg7 Rhg8 23. Rxd8+ Bxd8 24. Be5 Rxg2 25. Bg3 Ba5 26.
Kc1 b5 27. Kd2 a6 28. a3 c4 29. Rf1 Kb7 30. Ke3 Bb6+ 31. Kf4 {after 28 move}
1/2-1/2

[Event "First Saturday 2011 june IM"]
[Site "Budapest"]
[Date "2011.06.12"]
[Round "9"]
[White "Lengyel, Bela"]
[Black "Pirisi, Gabor"]
[Result "1/2-1/2"]
[WhiteElo "2296"]
[BlackElo "2243"]
[PlyCount "29"]
[EventDate "2011.06.04"]

1. e4 d6 2. d4 Nf6 3. Nc3 g6 4. Nf3 Bg7 5. Be2 O-O 6. O-O Bg4 7. Be3 Nc6 8. Qd2
e5 9. d5 Ne7 10. Rad1 Bd7 11. Ne1 Ng4 12. Bxg4 Bxg4 13. f3 Bd7 14. f4 Bg4 15.
Nf3 1/2-1/2

[Event "First Saturday 2011 june IM"]
[Site "Budapest"]
[Date "2011.06.12"]
[Round "9"]
[White "Lyell, Mark"]
[Black "Battey, Alexander"]
[Result "1/2-1/2"]
[WhiteElo "2171"]
[BlackElo "2269"]
[PlyCount "93"]
[EventDate "2011.06.04"]

1. e4 e6 2. d4 d5 3. e5 c5 4. c3 Nc6 5. Nf3 Bd7 6. Be2 Nge7 7. Na3 cxd4 8. cxd4
Nf5 9. O-O Qb6 10. Nc2 Na5 11. b3 Bb5 12. Ne3 Nxe3 13. fxe3 Be7 14. b4 Bxe2 15.
Qxe2 Nc4 16. Nd2 Rc8 17. a3 O-O 18. Nb3 Qb5 19. Ra2 b6 20. e4 dxe4 21. Qxe4 Qd5
22. Qxd5 exd5 23. b5 f6 24. exf6 Bxf6 25. Raf2 Nd6 26. a4 Ne4 27. Rf3 Nc3 28.
Bd2 Ne2+ 29. Kf2 Nxd4 30. Nxd4 Bxd4+ 31. Ke2 Rfe8+ 32. Kd3 Bf6 33. Rf5 Rc4 34.
R1f4 Rxf4 35. Bxf4 Re4 36. Bb8 Rxa4 37. Rxd5 a6 38. Bc7 axb5 39. Rxb5 Ra2 40.
g4 Rg2 41. h3 Ra2 42. g5 Be7 43. h4 Ra4 44. h5 Ra5 45. Rxa5 bxa5 46. Bxa5 Bxg5
47. Ke4 1/2-1/2

[Event "First Saturday 2011 june IM"]
[Site "Budapest"]
[Date "2011.06.12"]
[Round "9"]
[White "Vas, Peter"]
[Black "Omarsson, Dadi"]
[Result "1-0"]
[WhiteElo "2297"]
[BlackElo "2225"]
[PlyCount "83"]
[EventDate "2011.06.04"]

1. e4 c5 2. Nf3 d6 3. d4 cxd4 4. Nxd4 Nf6 5. Nc3 g6 6. Be3 Bg7 7. f3 Nc6 8. Qd2
O-O 9. Bc4 Bd7 10. O-O-O Rc8 11. Bb3 Ne5 12. Kb1 Re8 13. h4 h5 14. g4 hxg4 15.
h5 Nxh5 16. Bh6 e6 17. Rdg1 Bh8 18. fxg4 Nf6 19. Bg5 Bg7 20. Qh2 Qb6 21. Bxf6
Bxf6 22. Nf5 gxf5 23. gxf5+ Kf8 24. Rf1 Rxc3 25. bxc3 exf5 26. exf5 Bc6 27.
Rhg1 a5 28. Rg6 fxg6 29. fxg6 Bf3 30. Qh7 Qe3 31. Qg8+ Ke7 32. Qe6+ Kd8 33.
Qxf6+ Kc7 34. g7 Qe2 35. Rg1 a4 36. g8=Q Rxg8 37. Bxg8 Be4 38. Rc1 Qb5+ 39. Ka1
Qc5 40. Qg7+ Kb8 41. Qg3 Nd3 42. cxd3 1-0